| 000 | 00528nam a2200169 i 4500 | ||
|---|---|---|---|
| 001 | 75446 | ||
| 003 | ES-MaACL | ||
| 005 | 20230906172444.0 | ||
| 007 | t| | ||
| 008 | 040924s1965 sp ||||1| spa d | ||
| 100 | 1 |
_aGraffigna, Carlo. _959514 |
|
| 245 | 1 | 0 |
_aYeti _b: historia y mito del hombre de las nieves / _cCarlo Graffigna ; [traducción de Andrés Lupo]. |
| 260 |
_aBarcelona : _bSeix Barral, _c1965. |
||
| 300 |
_a298 p., 32 lám. ; _c22 cm. |
||
| 700 | 1 |
_aLupo, Andrés. _974803 |
|
| 852 |
_aES-MaACL _jC-28616 _bR.57629 |
||
| 999 |
_c75446 _d75446 |
||